000 01062nam a22002417a 4500
003 OSt
005 20210218152121.0
008 210218s2014 ck a|||gr|||| 00| 0 spa d
020 _a9789589924990
040 _aCO-JMCR
_cCO-JMCR
041 0 _aspa
082 0 4 _223
_a923.2 /
_bB826p
100 1 _aBravo Betancur, José María,
_eautor
_913664
245 1 0 _aPascual Bravo :
_bciudadano mártir /
_cJosé María Bravo Betancur,
260 _aMedellín :
_bFondo Editorial Pascual Bravo,
_c2014
300 _a404 páginas :
_bilustraciones, fotografía y escudo a color ;
_c23 cm.
490 0 _aHistoria
504 _aBibliografía: página 397.
505 0 _aFinales del siglo XVIII y alborada del XIX en Colombia -- Primeros años en la vida de Pascual Bravo -- Pascual Bravo en la política -- Sesiones de la Legislatura Constituyente -- El gobierno -- Convención de Rionegro -- El pensamiento de Pascual Bravo --
650 1 4 _aPartidos políticos
_zColombia
_913318
650 2 4 _aGuerra civil
_xHistoria
_y1838-1864
_zColombia
_913665
942 _2ddc
_cBK
999 _c7244
_d7244